• 首页
  • 本馆介绍
  • 公告通知
  • 最新文献
  • 馆藏检索
  • 电子资源
  • 读者导购
  • 参考咨询
  • 我的图书馆
  • 登录
  • 详细信息显示
  • 放入我的书架
  • 预约/预借图书
  • 作者相关作品
  • 分类相关作品
  • 丛书相关作品
  • 出版社相关作品

书目信息

  • 表格格式
  • 工作单格式
  • 卡片格式
题名:
非金属矿物加工工程与设备
    
 
作者: 杨华明 , 张向超 编著
分册:  
出版信息: 北京   化学工业出版社  2016.01
页数: 203页
开本: 26cm
丛书名: 非金属矿物精细化加工系列
单 册:
中图分类: TD97 , TD97
科图分类:
主题词: 非金属矿物--加工
电子资源:
ISBN: 978-7-122-25196-1
000 01169oam2 2200289 450
001 0120161772037
005 20170324112706.10
010    @a978-7-122-25196-1@dCNY59.00
100    @a20160229d2016 em y0chiy50 ea
101 0  @achi
102    @aCN@b110000
105    @aa z 000yy
106    @ar
200 1  @a非金属矿物加工工程与设备@9fei jin shu kuang wu jia gong gong cheng yu she bei@f杨华明,张向超编著
210    @a北京@c化学工业出版社@d2016.01
215    @a203页@c图@d26cm
225 2  @a非金属矿物精细化加工系列
330    @a本书以非金属矿精细化加工为目标,以精细化加工单元作业为主线,结合作者近年来在非金属矿精细化加工的研究和实践经历,详细介绍了非金属矿精细化加工各单元作业所需装备的基本构造、工作原理、应用特点和工艺设计与设备选型等。
333    @a本书可供广大从事非金属矿物材料、无机非金属材料、复合材料以及矿物加工、非金属矿深加工和化工、环境工程等科研技术人员参考
461  0 @12001 @a非金属矿物精细化加工系列
606 0  @a非金属矿物@x加工
690    @aTD97@v5
690    @aTD97@v4
701  0 @a杨华明@9yang hua ming@4编著
701  0 @a张向超@9zhang xiang chao@4编著
801  0 @aCN@b人天书店@c20160229
905    @b980610-13@dTD97@e41@f4
    
    非金属矿物加工工程与设备/杨华明,张向超编著.-北京:化学工业出版社,2016.01
    203页:图;26cm.-(非金属矿物精细化加工系列)
    使用对象:本书可供广大从事非金属矿物材料、无机非金属材料、复合材料以及矿物加工、非金属矿深加工和化工、环境工程等科研技术人员参考
    
    ISBN 978-7-122-25196-1:CNY59.00
    本书以非金属矿精细化加工为目标,以精细化加工单元作业为主线,结合作者近年来在非金属矿精细化加工的研究和实践经历,详细介绍了非金属矿精细化加工各单元作业所需装备的基本构造、工作原理、应用特点和工艺设计与设备选型等。
●
相关链接 在E读中查询图书 在五车中查询图书 在当当中查询图书 在豆瓣中查询图书


正题名:非金属矿物加工工程与设备     索取号:TD97/41         预约/预借

序号 登录号 条形码 馆藏地/架位号 状态 备注
1 980610   209806101   第二样本阅览室/ [索取号:TD97/41] 在馆    
2 980611   209806110   第三借阅区/ [索取号:TD97/41] 在馆    
3 980612   209806129   第三借阅区/ [索取号:TD97/41] 在馆    
4 980613   209806138   密集书库-化学系/ [索取号:TD97/41] 在馆    
唐山师范学院图书馆 欢迎您!
大连网信软件有限公司© 版权所有